000 00491nam a2200181Ia 4500
999 _c21361
_d21361
003 OSt
005 20200701120209.0
008 190216s9999||||xx |||||||||||||| ||und||
020 _a0415304431
040 _coclc
082 _a901
_bJEN/R
100 _aJenkins, Keith
_93392
245 0 _aRe-Thinking History /
_cKeith Jenkins
260 _bRoutledge,
_c2003.
_aLondon & New York:
300 _a99p
650 _aHistory
942 _cBK
_2ddc
_h901
_iJEN/R
_k901
_mJEN/R